| 000 | 00464nam a2200181Ia 4500 | ||
|---|---|---|---|
| 005 | 20240705110342.0 | ||
| 008 | 131103s9999 xx 000 0 und d | ||
| 040 | _aLoreto College | ||
| 041 | _aEnglish | ||
| 082 |
_a822 _bBRI |
||
| 100 | _aBassage, Harold | ||
| 245 |
_aBridges in bixton _b a story in dialogue _cHarold Bassage |
||
| 260 |
_aNew york _bFriendship _c1965 |
||
| 300 |
_a32p. _b ill. |
||
| 650 | _aEnglish drama | ||
| 850 | _aLCBED | ||
| 942 | _cBK | ||
| 999 |
_c29864 _d80343 |
||